[Event "Østlandsserien 2010/2011, 4. div."]
[Site "Modum, Buskerud NOR"]
[Date "2011.03.12"]
[Round "6"]
[White "Persen, Ole Morten"]
[Black "Lea, Per"]
[Result "1/2-1/2"]
[WhiteElo "1602"]
[BlackElo "1566"]
[Annotator "Lea, Per"]
[PlyCount "55"]
[EventDate "2010.11.07"]
[WhiteTeam "Modum"]
[BlackTeam "Follo 2"]

1. d4 d5 2. c4 e6 3. Nc3 Nf6 4. cxd5 exd5 5. Bg5 Be7 6. e3 O-O 7. Qc2 c6 8. Bd3
Nbd7 9. Nge2 Re8 10. O-O Ne4 $2 {Standardtrekket i denne stillingen er} (10...
Nf8 {men jeg hadde fått det for meg at teksttrekket var det beste i denne
stillingen. En springer på f8 er ikke noe spesielt vakkert syn, men den
garderer jo h7 til evig tid, i motsetning til broren hans på f6 som kan trues
vekk ellere byttes bort.}) 11. Bf4 $1 Nxc3 $2 12. Nxc3 ({Enda bedre er} 12.
Bxh7+ Kh8 13. Nxc3 g6 14. Bxg6 fxg6 15. Nxd5 {I analysene etterpå så vi bare på
} (15. Qxg6 Bf6 16. Qh6+ Kg8 $11) 15... Nf6 16. Nc7 Bf5 17. Qb3 Qd7 18. Be5 Kg7
19. f3 Rac8 20. Nxe8+ Rxe8 21. e4 Be6 22. Qd3 {og hvit står best}) 12... Nf6
13. f3 Bd6 14. Bxd6 Qxd6 15. Rae1 Bd7 16. Qf2 Re7 17. e4 dxe4 18. Nxe4 Nxe4 19.
fxe4 c5 {Jeg likte ikke hvits sentrum, men måtte tenke lenge før jeg valgte
denne varianten. Hvit får jo en farlig fribonde, men videre frammarsj med
e-bonden er i hvert fall stoppet for en stund.} 20. d5 Rf8 21. b4 $2 {
Her tenkte hvit i nesten en halvtime, men dermed ser det ut til at hvits lille
fordel forsvinner i det blå.} ({Mens hvit tenkte, vurderte jeg} 21. e5 Qxd5 {
men overså fullstendig} 22. Bxh7+ Kxh7 $2 ({Redningen er allikevel nær:} 22...
Kh8 23. Bc2 Kg8 24. Qh4 Qd4+ 25. Qxd4 cxd4 26. Rf4 Bc6 27. Rxd4 Rfe8 28. Rd2
Rxe5 29. Rxe5 Rxe5 {
men dette hadde i hvert fall ikke jeg kontroll over under partiet.}) 23. Qh4+
Kg8 24. Qxe7 Bc6 25. Rf2 {er ikke spesielt morsomt for svart.}) 21... b6 (21...
cxb4 22. Qxa7 b6 23. Qa6 Qc5+ 24. Kh1 Rc8 (24... Qa5 25. Qxa5 bxa5 {
så mer naturlig ut for meg, men Fritz 11 er ikke enig...}) 25. h3 Ree8 26. Rc1
Qe3 27. Rxc8 Rxc8 28. Bb5 Bxh3 29. gxh3 Qxh3+ 30. Kg1 Qg3+ 31. Kh1 {1/2-1/2})
22. bxc5 Qxc5 23. Rc1 (23. Qxc5 bxc5 24. Rf2 Rc8 25. Rc2 Re5 26. Rec1 f5 27.
Ba6 Rb8 28. exf5 Rb6 29. Bf1 Bxf5 30. Rxc5 {
skaffer svart mye større problemer - kanskje uoverstigelige sådanne.}) 23...
Qd6 24. Rc3 Rc8 25. Rxc8+ Bxc8 26. Rc1 $2 {
Nok en gang er hvit i ferd med å spille bort den lille fordelen sin.} (26. Qf4
{Verdt et forsøk er kanskje} Qxf4 27. Rxf4 Kf8 28. Kf2 Ke8 29. Ke3 Kd7 30. Kd4)
26... Rc7 27. Rxc7 Qxc7 28. Qc2 {Med remistilbud - som ble mottatt i den tro
at hvit har alle de gode kortene på sin hånd. Jeg regnet med at jeg måtte
kjempe hardt for å hindre hvits fribonde å gå inn, og noe mer enn remis trodde
jeg ikke jeg kunne oppnå. Men det er mulig jeg overvurderer hvits stilling, og
at det kan tippe begge veier. På dette tidspunkt i matchen slet Arne Hovland
på 1. bord, mens Torstein Furnes hadde en etter min vurdering grei stilling på
3. bord, og Svein-Erik Bakken hadde allerede vunnet på 4. bord. I en lik
stilling burde jeg nok som lagspiller ha spilt videre til jeg så hva som
skjedde i Torsteins parti.} 1/2-1/2

[Event "Østlandsserien 2010/2011, 4. div."]
[Site "Modum, Buskerud NOR"]
[Date "2011.03.13"]
[Round "6"]
[White "Furnes, Torstein"]
[Black "Leite, Steinar"]
[Result "1/2-1/2"]
[WhiteElo "1576"]
[BlackElo "1426"]
[Annotator "Furnes, Torstein"]
[PlyCount "95"]
[EventDate "2010.11.07"]
[WhiteTeam "Follo 2"]
[BlackTeam "Modum"]

1. d4 f5 2. c4 Nf6 3. Nc3 e6 4. Bg5 Be7 5. e3 b6 6. Nf3 Bb7 7. Bd3 d6 8. O-O {
Fritz 10 mener 8.d5 ville vært godt for hvit. F.eks.} (8. d5 $1 Ne4 (8... exd5
9. Nd4 dxc4 10. Ne6 Qd7 11. Bxf5 $18) 9. Bxe4 Bxg5 10. Nd4 $1 Bc8 (10... fxe4
$2 11. Nxe6 Qe7 12. Qh5+ g6 13. Qxg5 Qxg5 14. Nxg5 $18) 11. Bb1 e5 12. Ne6 Bxe6
13. dxe6 g6 14. Bxf5 $1 $18) 8... Ne4 9. Bxe7 Qxe7 10. d5 $2 (10. Bxe4 fxe4 11.
Nd2 {er bedre.}) 10... Nxc3 11. bxc3 O-O 12. e4 $6 (12. Nd4) 12... Na6 13. Re1
$6 (13. exf5) 13... fxe4 14. Bxe4 e5 15. Qc2 g6 16. Re3 Nc5 17. Nd2 {
Fritz foreslår her et morsomt løperoffer:} (17. Bxg6 $1 hxg6 $6 {Fritz mener
det ikke er så godt å ta løperen, fordi hvit da kan følge opp med nok et
offiseroffer:} 18. Nxe5 $1 dxe5 19. Qxg6+ Qg7 20. Qh5 Rxf2 21. Kxf2 Qf7+ 22.
Qxf7+ Kxf7 23. Rf1) 17... Rf7 18. Rg3 Nxe4 19. Nxe4 Raf8 20. Rf1 Bc8 21. Ng5
Bf5 22. Qe2 {Hvit kunne her ha vunnet bonde med Da4 fulgt av Dxa7. Men
dronningen blir isåfall stående veldig deplassert når svart presser på
kongefløyen. F.eks.} (22. Qa4 Rf6 23. Qxa7 h6 24. Nh3 (24. Nf3 $2 Bd3 25. Re1
Bxc4 $19) 24... g5 25. Qa4 Kh8 26. f3 g4 27. Nf2 (27. fxg4 $4 Bc2 28. Rxf6 Qxf6
29. Rf3 Qxf3 30. gxf3 Bxa4 $19) 27... gxf3 28. gxf3 {
med svart fordel på ca. 0.9.}) 22... Rg7 23. Ne4 Bxe4 24. Qxe4 Rf4 25. Qe2 Qh4
26. Rh3 Qf6 27. Re3 Rf7 28. Re4 Rxe4 29. Qxe4 Qg5 30. Qe3 Qf4 31. Qe2 Kg7 32.
g3 Qf3 33. Qxf3 Rxf3 34. Rc1 Kf6 35. Kg2 Rd3 36. Rc2 b5 37. cxb5 Rxd5 38. a4
Rc5 39. Kf3 c6 40. c4 (40. bxc6 d5 41. Ke3 Rxc6 42. Kd3 Rc4 43. Ra2) 40... cxb5
(40... d5 $17) 41. axb5 d5 42. Ra2 dxc4 43. Rxa7 {Jeg burde sjakket på a6
først, slik at jeg etterpå kan slå på a7 med sjakk hvis han går med kongen til
7. raden. Det er nemlig ikke så godt å gå med kongen til f5 eller g5, siden
hvit da kan få jaget kongen til h6. F.eks.} (43. Ra6+ Ke7 (43... Kf5 44. g4+
Kg5 45. Kg3 {fulgt av h4+}) (43... Kg5 44. h4+ Kh6 45. Rc6 Rxb5 46. Rxc4 $11)
44. Rxa7+ Kd6 45. b6 c3 46. Rc7 Rxc7 47. bxc7 Kxc7 48. Ke2 Kd6 49. Kd3 Kd5 50.
f3 $11) 43... Rxb5 (43... c3 44. Ra1 (44. b6 $4 c2 45. b7 c1=Q 46. b8=Q Qh1+
47. Ke3 Rc3+ 48. Kd2 Qc1+ 49. Ke2 Rc2+ 50. Kf3 Qh1+ 51. Ke3 Qe1+ 52. Kf3 Qxf2+
53. Ke4 Qd4+ 54. Kf3 Rf2#) 44... Rxb5 45. Ra6+ Kf5 46. Rc6 Rb3 47. g4+ Kg5 48.
Kg3 c2+ 49. f3 e4 50. h4+ Kh6 51. Rxc2 Rxf3+ 52. Kg2 $11) 44. Rxh7 {Fritz mener
det er sterkest å spille Tc7 for å eliminere den farlige c-bonden. Men jeg
vurderte det slik at jeg kunne ta meg tid til å slå h-bonden først.} (44. Rc7)
44... Rc5 45. Ra7 Rd5 (45... c3 46. Ra1 c2 47. Rc1 Kf5 48. h3 Rc3+ 49. Ke2 Ke4
50. Kd2 Rc7 51. Rxc2 Rxc2+ 52. Kxc2 Kf3 53. Kd3 $11) 46. Rc7 Rd4 47. Ke3 Kf5
48. f3 {Fritz vurderer stillingen som remis.} 1/2-1/2

[Event "Østlandsserien 2010/2011, 4. div."]
[Site "Modum, Buskerud NOR"]
[Date "2011.03.12"]
[Round "6"]
[White "Kopland, Even Koi"]
[Black "Bakken, Svein-Erik"]
[Result "0-1"]
[WhiteElo "661"]
[BlackElo "1402"]
[PlyCount "110"]
[EventDate "2010.11.07"]
[WhiteTeam "Modum"]
[BlackTeam "Follo 2"]

1. e4 c5 2. Nc3 e6 3. d3 Nc6 4. Nf3 a6 5. Bd2 Qc7 6. Be2 Nf6 7. O-O Be7 8. Bg5
O-O 9. h3 b5 10. Bxf6 Bxf6 11. Qd2 Bb7 12. Rae1 Rac8 13. a3 Nd4 14. b4 cxb4 15.
axb4 Qxc3 16. Qxc3 Rxc3 17. Bd1 Nxc2 18. Bxc2 Rxc2 19. e5 Bxf3 20. gxf3 Be7 21.
Rb1 Rfc8 22. Rfd1 d5 23. Kg2 d4 24. f4 R2c3 25. Kf3 R8c4 26. Ke4 Rxb4 27. Rxb4
Bxb4 28. Kxd4 Rc6 29. Rb1 a5 30. h4 h5 31. Rb3 Bc5+ 32. Ke4 Bxf2 33. f5 exf5+
34. Kxf5 Bxh4 35. Rxb5 Bg3 36. Rxa5 h4 37. Kg4 Rg6+ 38. Kh3 Rg5 39. d4 Kf8 40.
Ra7 Rf5 41. Ra5 Ke7 42. Kg4 Rf4+ 43. Kh3 Rxd4 44. Kg2 Ke6 45. Kh3 Bxe5 46. Ra1
Rd3+ 47. Kg2 Bxa1 48. Kf2 h3 49. Kg1 Kf5 50. Kf2 Kf4 51. Ke2 Rg3 52. Kd2 h2 53.
Ke2 h1=Q 54. Kd2 Qh2+ 55. Ke1 Rg1# 0-1

[Event "Østlandsserien 2009/2010, 2. div. B"]
[Site "Ås, Akershus NOR"]
[Date "2009.11.08"]
[Round "1"]
[White "Vigdal, Per Kristian"]
[Black "Hovland, Arne"]
[Result "1-0"]
[WhiteElo "1821"]
[BlackElo "1561"]
[PlyCount "67"]
[EventDate "2009.11.08"]
[WhiteTeam "Nordstrand 3"]
[BlackTeam "Follo"]

1. e4 d6 2. d4 Nf6 3. Nc3 g6 4. Be3 Bg7 5. Qd2 O-O 6. O-O-O c6 7. f3 b5 8. h4
h5 9. g4 Qa5 10. Kb1 b4 11. Nce2 Be6 12. b3 hxg4 13. Ng3 Nh5 14. Nxh5 gxh5 15.
fxg4 Bxg4 16. Be2 f5 17. Nf3 Nd7 18. Ng5 Nf6 19. Bxg4 fxg4 20. Rhf1 Bh6 21. Rf5
d5 22. e5 Nd7 23. Qd3 Qb5 24. Rxf8+ Nxf8 25. Qf5 Qe2 26. Rf1 Qxe3 27. Qf7+ Kh8
28. Qxh5 Kg7 29. Qf7+ Kh8 30. Qxe7 Bg7 31. Qf7 Bh6 32. Qh5 Kg7 33. Rf7+ Kg8 34.
Rxf8+ 1-0

[Event "Østlandsserien 2009/2010, 2. div. B"]
[Site "Ås, Akershus NOR"]
[Date "2009.11.08"]
[Round "1"]
[White "Lea, Per"]
[Black "Johansen, Lars"]
[Result "0-1"]
[WhiteElo "1528"]
[BlackElo "1816"]
[PlyCount "128"]
[EventDate "2009.11.08"]
[WhiteTeam "Follo"]
[BlackTeam "Nordstrand 3"]

1. e4 c5 2. Nf3 e6 3. d4 cxd4 4. Nxd4 a6 5. Be2 Bc5 6. O-O b5 7. c4 Bb7 8. cxb5
Bxe4 9. Nc3 Bg6 10. bxa6 Nxa6 11. a3 Ne7 12. Bf4 O-O 13. b4 Nxb4 14. Nb3 Bc2
15. Qd2 Bxb3 16. axb4 Bxb4 17. Qb2 Bxc3 18. Qxc3 Nd5 19. Qxb3 Nxf4 20. Bf3 d5
21. Rad1 Qf6 22. Rd2 Rfb8 23. Qe3 Ng6 24. Re1 Ne7 25. Rc2 Ra1 26. Rec1 g6 27.
h3 Nf5 28. Qd2 Nd4 29. Rc3 Rbb1 30. Rxb1 Rxb1+ 31. Kh2 Qe5+ 32. g3 Nb3 33. Qe3
Qxe3 34. Rxe3 Nd2 35. Kg2 Nxf3 36. Kxf3 h5 37. h4 Kg7 38. Ra3 Kf6 39. Ra7 Rb3+
40. Ke2 e5 41. Rd7 d4 42. Kd2 Ke6 43. Rd8 Kf5 44. Rd7 f6 45. Rd6 Rf3 46. Ke2
Ke4 47. Ra6 d3+ 48. Ke1 Rf5 49. Rd6 g5 50. hxg5 fxg5 51. Rh6 d2+ 52. Kxd2 Rxf2+
53. Ke1 Rh2 54. Kf1 Kf3 55. Rf6+ Kxg3 56. Rf5 Rh1+ 57. Ke2 g4 58. Rxe5 h4 59.
Ra5 Rb1 60. Ra3+ Kg2 61. Ra4 Kh3 62. Ra3+ g3 63. Kf3 g2 64. Kf2+ Kh2 0-1

[Event "Østlandsserien 2009/2010, 2. div. B"]
[Site "Ås, Akershus NOR"]
[Date "2009.11.08"]
[Round "1"]
[White "Nilsen, Trond"]
[Black "Furnes, Torstein"]
[Result "1/2-1/2"]
[WhiteElo "1776"]
[BlackElo "1505"]
[PlyCount "59"]
[EventDate "2009.11.08"]
[WhiteTeam "Nordstrand 3"]
[BlackTeam "Follo"]

1. d4 d5 2. c4 e6 3. Nc3 Nf6 4. Bg5 Be7 5. e3 O-O 6. Nf3 Nbd7 7. Rc1 c6 8. Bd3
Re8 9. O-O Nf8 10. Ne5 Ng6 11. f4 dxc4 12. Bxc4 Nd5 13. Qf3 Nxe5 14. dxe5 Bxg5
15. fxg5 Rf8 16. h4 Qb6 17. Nxd5 cxd5 18. Bb3 Bd7 19. Rf2 Rac8 20. Rxc8 Bxc8
21. h5 Qd8 22. Qf4 Bd7 23. h6 g6 24. Kh2 Bc6 25. Rd2 Qe7 26. Bc2 Rc8 27. Bd1 b6
28. Rc2 Bb7 29. Rxc8+ Bxc8 30. Kg3 1/2-1/2

[Event "Østlandsserien 2009/2010, 2. div. B"]
[Site "Ås, Akershus NOR"]
[Date "2009.11.08"]
[Round "1"]
[White "Moberg, Jan Rune"]
[Black "Synnestvedt, Jan"]
[Result "1-0"]
[WhiteElo "1483"]
[BlackElo "1732"]
[PlyCount "105"]
[EventDate "2009.11.08"]
[WhiteTeam "Follo"]
[BlackTeam "Nordstrand 3"]

1. d4 e6 2. c4 d5 3. Nf3 Nf6 4. g3 c6 5. Bg2 Nbd7 6. O-O dxc4 7. a4 Qa5 8. Qc2
Nb6 9. e4 c5 10. Bd2 Qa6 11. a5 Nbd7 12. Na3 cxd4 13. Nxc4 Nxe4 14. Qxe4 Qxc4
15. Qxd4 Qxd4 16. Nxd4 Be7 17. a6 Rb8 18. axb7 Bxb7 19. Nc6 Bxc6 20. Bxc6 Bc5
21. Bc3 f6 22. Rfd1 Rd8 23. Ba5 Bb6 24. Bb4 h5 25. Rd6 g5 26. Rxe6+ Kf7 27.
Re7+ Kg6 28. Rxd7 Rxd7 29. Bxd7 Rd8 30. Rd1 Rb8 31. Bc3 Bc5 32. Ba4 Rb7 33. Rd5
Bb4 34. Be8+ Kg7 35. Bxh5 Bxc3 36. bxc3 Rc7 37. Ra5 Rxc3 38. Rxa7+ Kh6 39. Bg4
Kg6 40. Ra5 Rc6 41. Kg2 Rb6 42. h4 gxh4 43. gxh4 Rb4 44. Kg3 Rb3+ 45. f3 Rb6
46. Bf5+ Kg7 47. Ra7+ Kh8 48. Kg4 Rb3 49. Rh7+ Kg8 50. Be6+ Kxh7 51. Bxb3 Kg6
52. Bc2+ Kh6 53. f4 1-0

[Event "Østlandsserien 2009/2010, 2. div. B"]
[Site "Fjellhamar, Akershus NOR"]
[Date "2009.12.06"]
[Round "2"]
[White "Lea, Per"]
[Black "Ulvin, Dag"]
[Result "0-1"]
[WhiteElo "1528"]
[BlackElo "2175"]
[PlyCount "102"]
[EventDate "2009.11.08"]
[WhiteTeam "Follo"]
[BlackTeam "Lillestrøm"]

1. e4 c5 2. Nf3 Nc6 3. d4 cxd4 4. Nxd4 e5 5. Nb5 d6 6. N1c3 a6 7. Na3 b5 8. Nd5
Nf6 9. Bg5 Be7 10. Bxf6 Bxf6 11. c3 O-O 12. Nc2 Bg5 13. a4 bxa4 14. Rxa4 Rb8
15. b4 a5 16. b5 Ne7 17. Be2 Nxd5 18. Qxd5 Be6 19. Qd3 f5 20. exf5 Bxf5 21.
Qd5+ Kh8 22. Bd3 Bxd3 23. Qxd3 Qb6 24. O-O Qxb5 25. Qxb5 Rxb5 26. Rfa1 Rb2 27.
R4a2 Rfb8 28. Ne3 Rxa2 29. Rxa2 Bxe3 30. fxe3 Ra8 31. Ra4 Kg8 32. Kf2 Kf7 33.
e4 Ke6 34. Ke3 d5 35. exd5+ Kxd5 36. c4+ Ke6 37. Ke4 h5 38. h4 g6 39. c5 Ra6
40. g3 Ra8 41. c6 Kd6 42. Rc4 Ra7 43. Ra4 Kxc6 44. Kxe5 Kb5 45. Ra1 a4 46. Kd4
a3 47. Kc3 a2 48. Kb2 Kb4 49. Kc2 Kc4 50. Kb2 Kd3 51. Rd1+ Ke2 0-1

[Event "Østlandsserien 2009/2010, 2. div. B"]
[Site "Fjellhamar, Akershus NOR"]
[Date "2009.12.06"]
[Round "2"]
[White "Matthews, Ben"]
[Black "Furnes, Torstein"]
[Result "1-0"]
[WhiteElo "1732"]
[BlackElo "1505"]
[PlyCount "75"]
[EventDate "2009.11.08"]
[WhiteTeam "Lillestrøm"]
[BlackTeam "Follo"]

1. e4 c5 2. Nf3 Nc6 3. d4 cxd4 4. Nxd4 e5 5. Nb5 d6 6. N1c3 a6 7. Na3 b5 8. Nd5
Nf6 9. Bg5 Be7 10. Bxf6 Bxf6 11. c3 O-O 12. Qf3 Bg5 13. h4 Bh6 14. g4 f6 15.
Nc2 Be6 16. Nce3 Bxe3 17. Nxe3 Ne7 18. Bd3 Qc8 19. Nf5 Nxf5 20. exf5 Bc4 21.
Be4 Ra7 22. b3 Bf7 23. O-O Rc7 24. Rac1 Rd8 25. Rfd1 Rcd7 26. Bd5 Rc7 27. Rd3
Bxd5 28. Qxd5+ Kf8 29. c4 Rc5 30. Qf3 bxc4 31. bxc4 Rxc4 32. Rdc3 Rxc3 33. Rxc3
Qa8 34. Qd3 d5 35. Rc7 Rd6 36. Qa3 Qd8 37. Qc5 d4 38. Rc8 1-0

[Event "Østlandsserien 2009/2010, 2. div. B"]
[Site "Fjellhamar, Akershus NOR"]
[Date "2009.12.06"]
[Round "2"]
[White "Moberg, Jan Rune"]
[Black "Barton, Zdenek"]
[Result "0-1"]
[WhiteElo "1483"]
[BlackElo "1629"]
[PlyCount "55"]
[EventDate "2009.11.08"]
[WhiteTeam "Follo"]
[BlackTeam "Lillestrøm"]

1. d4 d5 2. c4 e5 3. dxe5 d4 4. Nf3 Nc6 5. g3 Bg4 6. Bg2 Qd7 7. O-O O-O-O 8.
Na3 Bh3 9. b4 Bxg2 10. Kxg2 Bxb4 11. Rb1 Bc5 12. Qb3 b6 13. Bd2 h5 14. h4 f6
15. exf6 Nxf6 16. Bg5 Rde8 17. Qa4 Rxe2 18. Qa6+ Kb8 19. Nb5 Qc8 20. Qa4 Qb7
21. Bf4 Ne5 22. Bxe5 Rxe5 23. Nxa7 Re6 24. Nb5 Rhe8 25. Kg1 Ne4 26. Nfxd4 Rf6
27. Rb3 Nxg3 28. fxg3 0-1

[Event "Østlandsserien 2009/2010, 2. div. B"]
[Site "Fjellhamar, Akershus NOR"]
[Date "2009.12.06"]
[Round "2"]
[White "Ramsøy, Sveinung"]
[Black "Bakken, Svein-Erik"]
[Result "1/2-1/2"]
[WhiteElo "1491"]
[BlackElo "1331"]
[PlyCount "80"]
[EventDate "2009.11.08"]
[WhiteTeam "Lillestrøm"]
[BlackTeam "Follo"]

1. d4 d5 2. c4 c6 3. e3 Nf6 4. Nc3 e6 5. a3 Be7 6. Bd3 O-O 7. Nf3 Nbd7 8. O-O
Re8 9. e4 dxe4 10. Nxe4 Qc7 11. Qc2 h6 12. Ng3 b6 13. Be3 Nf8 14. Ne5 c5 15. f4
cxd4 16. Bxd4 Bc5 17. Bxc5 Qxc5+ 18. Qf2 Qxf2+ 19. Kxf2 Bb7 20. h3 Rad8 21. Ne2
Ne4+ 22. Ke3 Nc5 23. Rg1 f6 24. b4 fxe5 25. bxc5 exf4+ 26. Nxf4 bxc5 27. g3 e5
28. Nh5 Rd4 29. g4 e4 30. Be2 Ne6 31. h4 Rf8 32. Rgf1 Rxf1 33. Rxf1 Ba6 34. Rc1
Kf7 35. Ng3 Bb7 36. Nf5 Rd7 37. Rd1 Rxd1 38. Bxd1 Kf6 39. Nd6 Bc6 40. Nxe4+ Ke5
1/2-1/2

[Event "Østlandsserien 2009/2010, 2. div. B"]
[Site "Ås, Akershus NOR"]
[Date "2010.01.09"]
[Round "3"]
[White "Bøe, Arne Hugo"]
[Black "Høva, Frode"]
[Result "1/2-1/2"]
[WhiteElo "1701"]
[BlackElo "1572"]
[PlyCount "65"]
[EventDate "2009.11.08"]
[WhiteTeam "Lørenskog"]
[BlackTeam "Follo"]

1. d4 Nf6 2. Nc3 d6 3. e4 g6 4. Nf3 Bg7 5. Be2 O-O 6. h3 c5 7. dxc5 Qa5 8. O-O
Qxc5 9. Be3 Qb4 10. a3 Qa5 11. Qd2 Nc6 12. Bh6 a6 13. Rfe1 b5 14. Bxg7 Kxg7 15.
Nd5 Qxd2 16. Nxd2 Nxd5 17. exd5 Nd4 18. Bd3 e6 19. c3 Nf5 20. dxe6 fxe6 21. a4
bxa4 22. Rxa4 d5 23. Rea1 Rf7 24. Bxa6 Kf6 25. f4 Rc7 26. Bd3 Rb8 27. Rb1 h5
28. c4 Bd7 29. Ra5 dxc4 30. Bxc4 h4 31. b3 Nd6 32. Kf2 Nxc4 33. bxc4 1/2-1/2

[Event "Østlandsserien 2009/2010, 2. div. B"]
[Site "Ås, Akershus NOR"]
[Date "2010.01.09"]
[Round "3"]
[White "Lea, Per"]
[Black "Eike, Mathias B"]
[Result "1-0"]
[WhiteElo "1536"]
[BlackElo "1327"]
[PlyCount "99"]
[EventDate "2009.11.08"]
[WhiteTeam "Follo"]
[BlackTeam "Lørenskog"]

1. e4 e5 2. Nf3 Nc6 3. Bb5 d6 4. d4 Bd7 5. O-O Nxd4 6. Bxd7+ Qxd7 7. Nxd4 exd4
8. Qxd4 Nf6 9. Nc3 Be7 10. b3 c5 11. Qd3 a6 12. Nd5 Nxd5 13. exd5 Bf6 14. Re1+
Kd8 15. Rb1 Kc7 16. Be3 h6 17. b4 Rad8 18. bxc5 dxc5 19. Bxc5 Qxd5 20. Bb6+ Kc8
21. Bxd8 Qxd3 22. cxd3 Rxd8 23. Rec1+ Kb8 24. Rc6 Rxd3 25. Rxa6 Bd4 26. Ra4 Rd2
27. Rab4 Bxf2+ 28. Kf1 b6 29. Rf4 Bd4 30. Rxf7 Rxa2 31. Re1 Ra1 32. Rxa1 Bxa1
33. Ke2 Kc8 34. Kd3 Be5 35. h3 Kd8 36. Ke4 Ke8 37. Rb7 Bf6 38. Kd5 Kf8 39. Ke6
Kg8 40. Rxb6 Kh7 41. Kf5 Bg5 42. Rb7 Bh4 43. Kg4 Bf6 44. Kh5 Be5 45. g4 Bf6 46.
h4 Be5 47. g5 hxg5 48. hxg5 Kg8 49. Kg6 Kf8 50. Kh7 1-0

[Event "Østlandsserien 2009/2010, 2. div. B"]
[Site "Ås, Akershus NOR"]
[Date "2010.01.09"]
[Round "3"]
[White "Amarapala, Sherington"]
[Black "Furnes, Torstein"]
[Result "0-1"]
[WhiteElo "1190"]
[BlackElo "1519"]
[PlyCount "104"]
[EventDate "2009.11.08"]
[WhiteTeam "Lørenskog"]
[BlackTeam "Follo"]

1. e4 c5 2. Nf3 Nc6 3. d4 cxd4 4. Nxd4 e5 5. Nb5 d6 6. Be3 Nf6 7. f3 Be7 8. Bc4
O-O 9. O-O a6 10. N5c3 b5 11. Bb3 Na5 12. Nd2 Nxb3 13. axb3 d5 14. Nxb5 Bb7 15.
Na3 dxe4 16. fxe4 Nxe4 17. Nxe4 Bxe4 18. Qg4 Bxa3 19. bxa3 Bxc2 20. Rac1 Bxb3
21. Bh6 Qd4+ 22. Qxd4 exd4 23. Bf4 d3 24. Bd2 Bc2 25. Rfe1 Rfe8 26. g3 f5 27.
Kf2 Kf7 28. Rxe8 Rxe8 29. Re1 Rxe1 30. Bxe1 Ke6 31. Ke3 g5 32. Bd2 Kd5 33. Kf3
Bd1+ 34. Ke3 Kc4 35. Bb4 Be2 36. h4 gxh4 37. gxh4 h5 38. Kf2 Kb3 39. Ke1 Kc2
40. Bd2 Kb3 41. Bb4 f4 42. Kd2 f3 43. Bc5 a5 44. Be3 Kxa3 45. Kc3 a4 46. Bf2
Ka2 47. Bd4 a3 48. Be3 Kb1 49. Kd2 a2 50. Bd4 a1=Q 51. Bxa1 Kxa1 52. Ke1 Kb2
0-1

[Event "Østlandsserien 2009/2010, 2. div. B"]
[Site "Ås, Akershus NOR"]
[Date "2010.01.09"]
[Round "3"]
[White "Moberg, Jan Rune"]
[Black "Liu, Bibek"]
[Result "1-0"]
[WhiteElo "1484"]
[BlackElo "1064"]
[PlyCount "89"]
[EventDate "2009.11.08"]
[WhiteTeam "Follo"]
[BlackTeam "Lørenskog"]

1. d4 Nf6 2. Bg5 e6 3. e3 Be7 4. Bd3 Nc6 5. c3 b6 6. Nf3 Bb7 7. a4 a5 8. Na3 d6
9. e4 Na7 10. Qe2 Rc8 11. Nb5 Nxb5 12. axb5 Nh5 13. Bd2 Nf6 14. O-O Qd7 15. c4
O-O 16. d5 Rfe8 17. e5 dxe5 18. Nxe5 Qd8 19. Nc6 Bxc6 20. dxc6 Qd4 21. Bc3 Qg4
22. Qc2 h6 23. Rae1 Qf4 24. Be5 Qg4 25. Re3 Qg5 26. f4 Qh5 27. Rh3 Qg4 28. Rg3
Qh5 29. Rff3 Qh4 30. Rh3 Qe1+ 31. Rf1 Qb4 32. Bc3 Qc5+ 33. Kh1 Bd8 34. Qe2 Qf8
35. g4 Qc5 36. g5 hxg5 37. fxg5 Qxg5 38. Rg1 Qc5 39. Qg2 g6 40. Bxg6 Kf8 41.
Bxf7 Ke7 42. Bxe6 Kxe6 43. Re1+ Kf7 44. Rh7+ Nxh7 45. Qg7# 1-0

[Event "Østlandsserien 2009/2010, 2. div. B"]
[Site "Ås, Akershus NOR"]
[Date "2010.01.10"]
[Round "4"]
[White "Christensen, Kjeld"]
[Black "Furnes, Torstein"]
[Result "1/2-1/2"]
[WhiteElo "1751"]
[BlackElo "1519"]
[PlyCount "61"]
[EventDate "2009.11.08"]
[WhiteTeam "Moss 3"]
[BlackTeam "Follo"]

1. Nf3 d5 2. d4 Nf6 3. g3 Bf5 4. Bg2 e6 5. O-O Be7 6. c4 O-O 7. Qb3 Qc8 8. Nc3
c6 9. Re1 Nbd7 10. cxd5 exd5 11. Bf4 b6 12. Rac1 Qb7 13. Ng5 h6 14. e4 hxg5 15.
exf5 gxf4 16. Rxe7 fxg3 17. hxg3 Rfe8 18. Rce1 Rxe7 19. Rxe7 Re8 20. Nxd5 cxd5
21. Rxe8+ Nxe8 22. Bxd5 Qc7 23. Bxf7+ Kf8 24. Bxe8 Kxe8 25. Qg8+ Nf8 26. Qd5
Qd7 27. Qe5+ Qe7 28. f4 Nd7 29. Qe6 Qxe6 30. fxe6 Nf6 31. f5 1/2-1/2

[Event "Østlandsserien 2009/2010, 2. div. B"]
[Site "Ås, Akershus NOR"]
[Date "2010.01.10"]
[Round "4"]
[White "Moberg, Jan Rune"]
[Black "Antonsen, Helge"]
[Result "1/2-1/2"]
[WhiteElo "1484"]
[BlackElo "1403"]
[PlyCount "69"]
[EventDate "2009.11.08"]
[WhiteTeam "Follo"]
[BlackTeam "Moss 3"]

1. d4 Nf6 2. c4 e6 3. Nf3 d5 4. g3 Be7 5. Bg2 O-O 6. O-O c6 7. Nc3 Nbd7 8. Qc2
Re8 9. a3 Bd6 10. cxd5 exd5 11. Bg5 Qc7 12. Rac1 a6 13. b4 Qb8 14. Nd2 h6 15.
Bxf6 Nxf6 16. e4 dxe4 17. Ndxe4 Be7 18. Rfe1 Be6 19. Na4 Nxe4 20. Bxe4 Qd8 21.
Nc5 Bxc5 22. dxc5 Qf6 23. Re3 Rad8 24. Rce1 Rd4 25. Rf3 Qd8 26. Rd3 Rxd3 27.
Bxd3 Bh3 28. Re4 Rxe4 29. Bxe4 Qd4 30. Bf3 Qa1+ 31. Qd1 Qxa3 32. Bg4 Bxg4 33.
Qxg4 Qd3 34. Qc8+ Kh7 35. Qxb7 1/2-1/2

[Event "Østlandsserien 2009/2010, 2. div. B"]
[Site "Korsvoll, Oslo NOR"]
[Date "2010.02.14"]
[Round "5"]
[White "Høva, Frode"]
[Black "Taube, Gregor"]
[Result "1/2-1/2"]
[WhiteElo "1572"]
[BlackElo "1851"]
[PlyCount "60"]
[EventDate "2009.11.08"]
[WhiteTeam "Follo"]
[BlackTeam "1911 2"]

1. d4 d5 2. Nf3 e6 3. g3 Be7 4. Bg2 Nf6 5. c4 c5 6. cxd5 exd5 7. O-O Nc6 8.
dxc5 Bxc5 9. Bg5 Be6 10. Nc3 Be7 11. Nd4 O-O 12. Rc1 Qb6 13. Nb3 Rad8 14. e3 d4
15. exd4 Bxb3 16. axb3 Nxd4 17. Bxf6 Bxf6 18. Nd5 Qb5 19. Nxf6+ gxf6 20. Qg4+
Qg5 21. Qxg5+ fxg5 22. Rc5 h6 23. Bxb7 Nxb3 24. Rb5 Nd4 25. Ra5 Rb8 26. Bg2
Rxb2 27. Rxa7 Rd8 28. Ra8 Rxa8 29. Bxa8 g4 30. Kg2 Ne6 1/2-1/2

[Event "Østlandsserien 2009/2010, 2. div. B"]
[Site "Korsvoll, Oslo NOR"]
[Date "2010.02.14"]
[Round "5"]
[White "Botheim, Tor"]
[Black "Hovland, Arne"]
[Result "0-1"]
[WhiteElo "1845"]
[BlackElo "1569"]
[PlyCount "68"]
[EventDate "2009.11.08"]
[WhiteTeam "1911 2"]
[BlackTeam "Follo"]

1. e4 e6 2. d4 d5 3. Nc3 Be7 4. Bd3 Nf6 5. e5 Nfd7 6. f4 c5 7. Nf3 Nc6 8. Be3
cxd4 9. Nxd4 Nxd4 10. Bxd4 Nc5 11. Be2 O-O 12. O-O b6 13. Bf3 Bb7 14. Kh1 f6
15. Re1 f5 16. Ne2 g5 17. fxg5 Bxg5 18. g3 Ne4 19. Nf4 Bxf4 20. gxf4 Qh4 21.
Rg1+ Kh8 22. Be3 Rg8 23. Qe1 Rxg1+ 24. Kxg1 Rg8+ 25. Kh1 Qh3 26. Qd1 Ng3+ 27.
Kg1 Ne2+ 28. Kf2 Qxh2+ 29. Ke1 Nxf4 30. Rc1 Ng2+ 31. Kd2 Nxe3+ 32. Kxe3 d4+ 33.
Qxd4 Bxf3 34. Rf1 Qe2+ 0-1